[Event "St Petersburg Autumn op"]
[Site "St Petersburg"]
[Date "2006.11.04"]
[Round "5"]
[White "Chernov, Yurij"]
[Black "Zuttis, Sergey"]
[Result "0-1"]
[WhiteElo "2160"]
[BlackElo "2039"]
[PlyCount "116"]
[EventDate "2006.10.31"]
[EventType "swiss"]
[EventRounds "9"]
[EventCountry "RUS"]
[SourceTitle "EXT 2007"]
[Source "ChessBase"]
[SourceDate "2006.11.23"]
[SourceVersion "1"]
[SourceVersionDate "2006.11.23"]
[SourceQuality "1"]

1. d4 e6 2. c4 Nf6 3. Nf3 d5 4. Nc3 c5 5. e3 Nc6 6. cxd5 exd5 7. g3 Bg4 8. Bg2 cxd4 9. exd4 Bb4 10. 0-0 0-0 11. Bg5 Bxc3 12. bxc3 h6 13. Bxf6 Qxf6 14. h3 Be6 15. Re1 Rac8 16. Qd3 Rc7 17. Ne5 Rfc8 18. Rac1 Na5 19. f4 Nc4 20. Nxc4 Rxc4 21. Re5 g6 22. Qd2 h5 23. Kh2 b6 24. Bf3 Kg7 25. Kg2 a6 26. Rg5 b5 27. a3 a5 28. Be2 Bf5 29. Bxc4 Rxc4 30. g4 hxg4 31. hxg4 Be4+ 32. Kg3 Qd6 33. Re5 Qxa3 34. f5 b4 35. Re8 Rxc3+ 36. Rxc3 Qxc3+ 37. Qxc3 bxc3 38. Kf4 gxf5 39. gxf5 c2 40. Rc8 a4 41. Ke3 a3 42. Kd2 Bxf5 43. Ra8 Be4 44. Rxa3 Kg6 45. Ra1 f5 46. Ke3 Kf6 47. Ra6+ Kg5 48. Rc6 f4+ 49. Kf2 Kg4 50. Rc7 Bd3 51. Rc3 Bg6 52. Rc5 Be4 53. Rc7 Kf5 54. Rc6 Bd3 55. Ke1 Ke4 56. Kd2 Kxd4 57. Rf6 Ke4 58. Re6+ Kf3 0-1